Electronic Communications (Record no. 291734)

MARC details
000 -LEADER
fixed length control field 00425nam a2200169Ia 4500
008 - FIXED-LENGTH DATA ELEMENTS--GENERAL INFORMATION
fixed length control field 230718s9999 xx 000 0 und d
041 ## - LANGUAGE CODE
Language code of text/sound track or separate title eng
082 ## - DEWEY DECIMAL CLASSIFICATION NUMBER
Classification number 621.382
Item number ROD
100 ## - MAIN ENTRY--PERSONAL NAME
Personal name Roddy D.
245 ## - TITLE STATEMENT
Title Electronic Communications
250 ## - EDITION STATEMENT
Edition statement 3rd ed.
260 ## - PUBLICATION, DISTRIBUTION, ETC. (IMPRINT)
Date of publication, distribution, etc. 1992
Name of publisher, distributor, etc. Prentice Hall Of India
300 ## - PHYSICAL DESCRIPTION
Extent 788
365 ## - TRADE PRICE
Currency code Rs.
Price amount 125.00
700 ## - ADDED ENTRY--PERSONAL NAME
Personal name Roddy D. & Coolen J.
906 ## - LOCAL DATA ELEMENT F, LDF (RLIN)
d B:98005-Jan-1994
c ETC
b 37.5
Holdings
Withdrawn status Lost status Damaged status Not for loan Home library Current library Date acquired Vendor Budget Code Cost, normal purchase price Bill number Total Checkouts Full call number Barcode Date last seen Discount Cost, replacement price Bill Date Koha item type Original Barcode
        Cummins College of Engineering for Women Pune Cummins College of Engineering for Women Pune 06/01/1994 Pradeep Book Distributors ETC 106.25 980   621.382 CCEP-BK-2834 18/07/2023 37.5 125.00 05/01/1994 Books 002834